Má vaša firma dôveru ?
Podnikateľská etika - spoločenská zodpovednosť. Definícia podnikateľskej etiky. Začlenenie etiky do podnikovej stratégie. SOPK /Slovenská obchodná a priemyselná komora/ a podpora podnikateľskej etiky. Veľká cena SOPK - súťaž o vynikajúci podnikateľský subjekt v SR - kritériá súťaže, podmienky prihlá...
Na minha lista:
| Autor principal: | |
|---|---|
| Formato: | Capítulo de Livro |
| Idioma: | eslovaco |
| Assuntos: | |
| Tags: |
Sem tags, seja o primeiro a adicionar uma tag!
|
MARC
| LEADER | 00000naa a2200000 4500 | ||
|---|---|---|---|
| 001 | r047717 | ||
| 005 | 20231002114928.9 | ||
| 041 | 0 | |a slo | |
| 044 | |a SK | ||
| 245 | 1 | 0 | |a Má vaša firma dôveru ? |c Ján Vlčko |
| 520 | |a Podnikateľská etika - spoločenská zodpovednosť. Definícia podnikateľskej etiky. Začlenenie etiky do podnikovej stratégie. SOPK /Slovenská obchodná a priemyselná komora/ a podpora podnikateľskej etiky. Veľká cena SOPK - súťaž o vynikajúci podnikateľský subjekt v SR - kritériá súťaže, podmienky prihlásenia sa. | ||
| 610 | 2 | 0 | |a etika podnikateľská |
| 610 | 2 | 0 | |a stratégia podniková |
| 610 | 2 | 0 | |a súťaže |
| 100 | 1 | |a Vlčko, Ján | |